Alle Länder des Karthagischen Reichs - Statistiken

Allgemein
  • Dieses Quiz wurde 13 mal gespielt
  • Das Durchschnittsergebnis liegt bei 7 aus 8
Antwortstatistiken
Antwort % Korrekt
Italien
100%
Algerien
91%
Libyen
91%
Marokko
91%
Spanien
91%
Tunesien
91%
Frankreich
82%
Malta
73%
Keine übereinstimmenden Quizze gefunden
Verteilung der Resultate
Anzahl Personen mit jedem Resultat
Perzentil nach korrekt beantworteten Fragen
Ihre Resultats-Entwicklung
Sie haben dieses Quiz noch nicht gespielt